| 000 | 00643nam a2200205 4500 | ||
|---|---|---|---|
| 001 | 125865 | ||
| 003 | ES-MaACL | ||
| 005 | 20250913153958.0 | ||
| 007 | t| | ||
| 008 | 070214s1962 sp r ||||1| spa d | ||
| 100 | 1 |
_aRaymond _cFather (O.C.S.O.) _995636 |
|
| 245 | 1 | 1 |
_a¡Ahora! / _cRev. M. Raymond, O.C.S.O. ; traducción del inglés por Felipe Ximénez de Sandoval. |
| 260 |
_aMadrid : _bStudium, _c1962. |
||
| 300 |
_a208 p. ; _c20 cm. |
||
| 490 | 1 | _a"Trapense` | |
| 700 | 1 |
_aXiménez de Sandoval, Felipe, _d1903-1978 _9117510 |
|
| 830 | 0 |
_a"Trapense` _9219079 |
|
| 852 |
_aES-MaACL _jC-23001 _bR.51661 |
||
| 999 |
_c125865 _d125865 |
||